02034cam a22004694i 4500003000900000005001700009008004100026020001500067020001800082035002300100035002200123040005300145050002400198082002100222100003700243245011900280264004300399300004400442336002100486337002500507338002300532490002500555504004000580504003200620505063600652526001001288526001001298526001001308526001001318526000801328526000801336526000801344526000801352526000801360526000801368526000801376650002401384650005101408650002301459650004801482700003401530PE-LiUPU20250731173040.0170824s2017 miu rb 001 0 eng d z0801026962 z9780801026966 a(Sirsi) 1001810017 a(OCoLC)1001810017 aTEFODbengerdaepncTEFODdRECBKdYDXdPE-LiUPU 4aBV2100b.T44 2017eb04a266.009bT412231 aTerry, John Mark,d1949-eautor.10aEncountering the history of missions :bfrom the early church to today /cJohn Mark Terry and Robert L. Gallagher. 1aGrand Rapids :bBaker Academic,c2017. aviii, 405 páginas ;c23 centímetros atext2rdacontent aunmediated2rdamedia avolume2rdacarrier0 aEncountering mission aBibliografía : páginas 363-388. aIndice : páginas 389-405.0 aMissions in the early church -- Encountering church of the east missions -- Encountering Celtic missions -- Encountering orthodox missions -- Encountering Dominican and Franciscan missions -- Encountering medieval renewal missions -- Encountering reformation missions -- Encountering Jesuit missions -- Encountering pietist missions -- Encountering Moravian missions -- Encountering Methodist missions -- The great century of Protestant missions, part I -- The great century, part II -- The twentieth century -- Missionary councils and congresses -- Specialized missions -- The church growth movement -- In retrospect and prospect. aSEG42 aSEG41 aSEG40 aSEG39 aP94 aP87 aP86 aP85 aP77 aP76 aP35 0aMisionesxHistoria. 7aReligión / Cristianismo / Historia.2bisacsh 0aMissionsxHistory. 7aReligion / Christianity / History.2bisacsh1 aGallagher, Robert L.,eautor.